Guess the Conan Gray Song With No Hints #1 - Statistics

General Stats
  • This quiz has been taken 678 times
  • The average score is 78 of 151
Answer Stats
Answer % Correct
I
99%
you
93%
You
93%
a
92%
the
82%
your
76%
And
75%
and
75%
we
70%
it
64%
Like
59%
to
59%
In
58%
On
58%
on
58%
my
56%
can
49%
Can
49%
But
47%
for
47%
song
46%
Are
45%
hear
44%
never-ending
41%
of
39%
say
39%
I'll
38%
All
37%
goes
37%
Just
37%
too
36%
story
34%
saw
33%
face
32%
us
32%
magazine
29%
calling
28%
can't
28%
time
28%
today
28%
voice
28%
First
27%
Wasn't
27%
wasn't
27%
make
26%
Now
26%
our
26%
apologize
25%
life
25%
waste
24%
tears
23%
late
22%
radio
21%
stay
21%
adolescence
20%
done?
20%
falling
20%
forever?
20%
stopping
20%
page
19%
turn
19%
close
18%
play
18%
Sacrificed
18%
we've
18%
edges
17%
music
17%
Tried
17%
grown
16%
nothing
15%
amount
12%
No matching quizzes found
Score Distribution
Percent of People with Each Score
Percentile by Number Answered
Your Score History
You have not taken this quiz